000 00670cam a22002411 4500
001 sa 63003580
003 DLC
005 20260227111943.0
008 890724r1962uuuubg 000 0 beno
010 _asa 63003580
035 _a(OCoLC)20059746
040 _aDLC
_cWaU
_dDLC
042 _apremarc
043 _aa-bg---
050 0 0 _aPK1701
_b.F3
100 1 _aFazal, Abdul.
245 1 0 _aSāhitya o saṃskr̥ti sādhanā.
260 _c[1962?]
300 _a2, 286 p.
_c23 cm.
500 _aIn Bengali.
500 _aA collection of the author's articles previously published in various periodicals.
650 0 _aBengali literature
_xHistory and criticism.
999 _c55176
_d55176